000 00300nam a22001337a 4500
020 _a1-56847-054-1
082 _a633
_bREE/F
100 _aREED KING,SUSAN
245 _aFOOD AND FARMING
260 _aNEW YORK
_bTHOMSON LEARNING
300 _a32
650 _aGENERAL KNOWLEDGE
_zNEW YORK
942 _cBK
999 _c2183
_d2183